Converting to an eco-friendly home (Record no. 106821)
[ view plain ]
| 000 -LEADER | |
|---|---|
| fixed length control field | 01063cam a22002295a 4500 |
| 001 - CONTROL NUMBER | |
| control field | L137551 |
| 008 - FIXED-LENGTH DATA ELEMENTS--GENERAL INFORMATION | |
| fixed length control field | 070413s2007 xxka f f 001 0 eng d |
| 020 ## - INTERNATIONAL STANDARD BOOK NUMBER | |
| International Standard Book Number | 1845374061 |
| -- | 9781845374068 |
| 035 ## - SYSTEM CONTROL NUMBER | |
| System control number | (Sirsi) u137551 |
| 041 0# - LANGUAGE CODE | |
| Language code of text/sound track or separate title | eng |
| 050 04 - LIBRARY OF CONGRESS CALL NUMBER | |
| Classification number | 696.9 $2 18 |
| 100 1# - MAIN ENTRY--PERSONAL NAME | |
| Personal name | Hymers, Paul |
| 245 00 - TITLE STATEMENT | |
| Title | Converting to an eco-friendly home |
| Remainder of title | the complete handbook |
| 260 ## - PUBLICATION, DISTRIBUTION, ETC. | |
| Place of publication, distribution, etc. | London |
| Name of publisher, distributor, etc. | New Holland Publishers Ltd |
| Date of publication, distribution, etc. | 2006 |
| 300 ## - PHYSICAL DESCRIPTION | |
| Extent | 176p. |
| Other physical details | ill. |
| Dimensions | 21cm. |
| 350 ## - PRICE (NR) (BK AM CF MU VM SE) [OBSOLETE] | |
| Price | 7.99 |
| 505 2# - FORMATTED CONTENTS NOTE | |
| Formatted contents note | Introduction -- Light -- Power -- Heat -- Shelter -- Air -- Waste -- Water |
| 520 ## - SUMMARY, ETC. | |
| Summary, etc. | Describes alterations which homeowners can make themselves. Covers measures such as energy-saving lightbulbs, harvesting rainwater, and installing solar panels. Covers small adjustments and major projects. Includes tips on buying from sustainable sources, cutting down waste, using alternative energy and improving light and air quality in the home. |
| 651 #4 - SUBJECT ADDED ENTRY--GEOGRAPHIC NAME | |
| Geographic name | United Kingdom |
| Chronological subdivision | |
| 690 ## - LOCAL SUBJECT ADDED ENTRY--TOPICAL TERM (OCLC, RLIN) | |
| Topical term or geographic name as entry element | ENVIRONMENTAL AND LAND CONSULTANCY-ENERGY-ENERGY USE-ENERGY EFFICIENCY |
| 942 ## - ADDED ENTRY ELEMENTS (KOHA) | |
| Suppress in OPAC | 0 |
| Withdrawn status | Lost status | Source of classification or shelving scheme | Damaged status | Not for loan | Home library | Current library | Shelving location | Date acquired | Cost, normal purchase price | Total Checkouts | Full call number | Barcode | Date last seen | Date last checked out | Copy number | Cost, replacement price | Price effective from | Koha item type |
|---|---|---|---|---|---|---|---|---|---|---|---|---|---|---|---|---|---|---|
| Dewey Decimal Classification | London | London | Books | 29/05/2007 | 6.79 | 4 | 696.9 HYM | 30073901 | 06/08/2019 | 24/02/2010 | 1 | 6.79 | 06/08/2019 | Book |